| 000 | 00489nam a2200181Ia 4500 | ||
|---|---|---|---|
| 003 | LK-CoDNM | ||
| 005 | 20240910110150.0 | ||
| 008 | 010623t1918 xxu||||| |||| 00| 1 eng d | ||
| 040 |
_aLK-CoDNM _dLK-CoDNM _eLK-CoDNM |
||
| 041 | _aeng | ||
| 080 |
_a6 _bD27 |
||
| 100 | _aPieris, P.E. | ||
| 245 | _aCeylon and the Hollanders 1658-1796 | ||
| 260 |
_bAmerican Ceylon mission press _c1918 _aTellippalai, Ceylon |
||
| 300 | _bxv, 181p. : map ; 22 cm | ||
| 650 | _aMuturajawela | ||
| 942 | _cBK | ||
| 999 |
_c89356 _d89356 |
||